Etika a nezávislosť v činnosti audítora

Kvalita auditu ako záruka bezpečnosti a korektnosti v obchodných vzťahoch a vo finančných transakciách. Požiadavka kvality auditu nastolená v novelizovanej 8. smernici Európskeho parlamentu a Rady. Uplatňovanie etických princípov a nezávislosti audítora. Ochrana nezávislosti audítora v novelizovanej...

Ausführliche Beschreibung

Gespeichert in:
Bibliographische Detailangaben
1. Verfasser: Hvoždarová, Jana
Format: Buchkapitel
Sprache:Slowakisch
Schlagworte:
Tags: Tag hinzufügen
Keine Tags, Fügen Sie das erste Tag hinzu!

MARC

LEADER 00000naa$a2200000$$$4500
001 0048873
005 20240502071548.7
041 0 |a slo 
044 |a SK 
245 1 0 |a Etika a nezávislosť v činnosti audítora 
520 |a Kvalita auditu ako záruka bezpečnosti a korektnosti v obchodných vzťahoch a vo finančných transakciách. Požiadavka kvality auditu nastolená v novelizovanej 8. smernici Európskeho parlamentu a Rady. Uplatňovanie etických princípov a nezávislosti audítora. Ochrana nezávislosti audítora v novelizovanej 8. smernici EÚ. 
610 2 0 |a audit finančný 
610 2 0 |a audítori 
610 2 0 |a etika 
610 2 0 |a kódexy etické 
610 2 0 |a nezávislosť 
610 2 0 |a kvalita 
610 2 0 |a kvalifikácia 
610 2 0 |a smernice 
610 2 0 |a Európska únia 
100 1 |a Hvoždarová, Jana